Obálka Náhled e-knihy:
PDF Epub
Pro půjčování e-knih musíte být přihlášeni.
Jak si půjčit online?

Zaklínač VI Veža lastovičky /

Svet požiera neľútostná vojna. Za okenicami chalupy obrastenej machom však popolavovlasé dievča rozpráva svoj príbeh. Pri svetle sviečok šepká o kľukatej ceste bojovníčky, o ohrdnutej sirote a zlomenom srdci. Škaredá jazva na jej tvári nepristane k zeleným očiam dieťaťa. Cirila nedokáže zaklínačovi...

Celý popis

Uloženo v:
Série:Zaklínač (SK), část 6
Hlavní autor: Sapkowski, Andrzej (Autor)
Médium: E-kniha
Jazyk:Czech
Vydáno: Praha : Albatros Media Slovakia s.r.o., 2023
Příbuzné jednotky:Z cyklu:: Zaklínač (SK)
Tagy:
Žádné tagy
LEADER 01572nam a22002417i 4500
001 311980
007 ta
008 260601s2023 xr ||||| |||| 00| 0 cze d
020 |a 9788056626016 
044 |a xr 
100 1 |a  Sapkowski, Andrzej  |4 aut 
245 1 0 |a Zaklínač VI Veža lastovičky /  |c  Sapkowski, Andrzej 
240 1 0 |a Wieza jaskólki 
264 1 |a Praha :  |b Albatros Media Slovakia s.r.o.,  |c 2023 
300 |a 1 online zdroj (480 stran) 
336 |a text  |b txt  |2 rdacontent 
337 |a bez média  |b n  |2 rdamedia 
338 |a online zdroj  |b cr  |2 rdacarrier 
520 2 |a Svet požiera neľútostná vojna. Za okenicami chalupy obrastenej machom však popolavovlasé dievča rozpráva svoj príbeh. Pri svetle sviečok šepká o kľukatej ceste bojovníčky, o ohrdnutej sirote a zlomenom srdci. Škaredá jazva na jej tvári nepristane k zeleným očiam dieťaťa. Cirila nedokáže zaklínačovi Geraltovi a Yennefer odpustiť, že ju nechali napospas temným silám. No ona prinúti svojich nepriateľov striasť sa strachom. O jej osude nebude rozhodovať nik iný.  
787 0 8 |g 6  |i Z cyklu:  |t Zaklínač (SK) 
910 |a RBIT002 
998 |d 379611  |a https://core.palmknihy.cz/api/books/379611/cover?s9l1om  |b https://core.palmknihy.cz/api/books/379611/cover/400?s9l1om  |c https://core.palmknihy.cz/api/books/379611/cover/50?s9l1om  |e 2029-12-31  |g 480  |i 9788056626016  |j https://core.palmknihy.cz/api/books/379611/preview.epub  |k https://core.palmknihy.cz/api/books/379611/preview.pdf  |l   |q 49  |r 1  |s https://www.palmknihy.cz/kniha/379611  |t ebook  |y 2023  |z 1  |v Zaklínač (SK)  |w 6 
999 |d 311978